Pokemon commençant par la lettre L - Gen 1 à 9 - Statistiques

Statistiques générales
  • Ce quiz a été pris 47 fois
    40 depuis la dernière actualisation
  • Le résultat moyen est 29 sur 53
Statistiques - réponses
Réponse % Correct
Lucario
79%
Lugia
75%
Lanturn
71%
Lianaja
71%
Lainergie
68%
Lampéroie
68%
Larméleon
68%
Limagma
68%
Lixy
68%
Lockpin
68%
Loupio
68%
Luxio
68%
Luxray
68%
Lakmécygne
64%
Laporeille
64%
Léviator
64%
Lombre
64%
Lougaroc
64%
Ludicolo
64%
Lugulabre
64%
Laggron
61%
Latias
61%
Latios
61%
Limonde
61%
Lokhlass
61%
Lunala
61%
Lamantine
57%
Leveinard
54%
Lézargus
54%
Limaspeed
54%
Lippoutou
54%
Lanssorien
50%
Lapyro
50%
Libégon
50%
Lilliterelle
50%
Lovdisc
50%
Lampignon
46%
Lépidonille
46%
Lestombaile
46%
Lucanon
46%
Luminéon
46%
Lumivole
46%
Larvibule
43%
Léboulérou
43%
Leuphorie
43%
Lilia
43%
Lippouti
43%
Larvadar
39%
Larveyette
39%
Linéon
39%
Lançargot
36%
Lewsor
32%
Léopardus
25%
Aucun quiz correspondant
Distribution des résultats
% des personnes avec chaque résultat
Percentile par nombre de réponses
Votre historique - résultats
Vous n’avez pas pris ce quiz depuis la dernière actualisation